000
00290nam a2200109Ia 4500
001
1268557
005
20260417145252.0
008
260417s9999 xx 000 0 und d
020
_a
9786257854634
245
0
_a
Biri Sırtımı Kaşıyabilir Mi Lütfen?
_c
Jory John
260
_b
Ketebe Çocuk
999
_c
1268557
_d
1268557